[Event "Festival Bozen"]
[Site "?"]
[Date "1996.??.??"]
[Round "?"]
[White "Dallaglio, Giovanni"]
[Black "Stoll, Thomas"]
[Result "0-1"]
[WhiteElo "2105"]
[BlackElo "2215"]
[PlyCount "72"]
[EventDate "1996.??.??"]
[Source "ChessBase"]
[SourceDate "1999.11.18"]

1. d4 g6 2. c4 Bg7 3. Nc3 d6 4. e4 Nc6 5. Be3 e5 6. d5 Nce7 7. Bd3 f5 8. f4
fxe4 9. Bxe4 Nf5 10. Bxf5 Bxf5 11. Nf3 Ne7 12. fxe5 dxe5 13. Qd2 Bg4 14. O-O
O-O 15. Ng5 h6 16. Rxf8+ Bxf8 17. Nce4 Bf5 18. Nf6+ Kg7 19. Nge4 Ng8 20. Nxg8
Kxg8 21. Ng3 Qh4 22. Rf1 Bd7 23. Qf2 Qe7 24. Ne4 Bf5 25. Bc5 Qg7 26. Ng3 Bd3
27. Rc1 Bxc5 28. Qxc5 e4 29. Re1 Qxb2 30. Qe7 Qd4+ 31. Kh1 Rf8 32. Qe6+ Kg7 33.
c5 Qf2 34. Qe5+ Kh7 35. Qxc7+ Rf7 36. Qe5 Bf1 0-1

[Event "Festival Bozen"]
[Site "?"]
[Date "1996.??.??"]
[Round "?"]
[White "Di Lazzaro, Gabriele"]
[Black "Dallaglio, Giovanni"]
[Result "1/2-1/2"]
[WhiteElo "2100"]
[BlackElo "2105"]
[PlyCount "91"]
[EventDate "1996.??.??"]
[Source "ChessBase"]
[SourceDate "1999.11.18"]

1. Nf3 c5 2. c4 Nc6 3. Nc3 Nf6 4. g3 d6 5. Bg2 g6 6. O-O Bg7 7. e3 O-O 8. d4 e6
9. b3 cxd4 10. exd4 a6 11. Ba3 Re8 12. Qd2 d5 13. cxd5 exd5 14. Rfe1 Ne4 15.
Qe3 Bf5 16. Bb2 Nxc3 17. Qxc3 Rc8 18. Rxe8+ Qxe8 19. Re1 Qd7 20. Rc1 Bh6 21.
Ne5 Qd8 22. Nxc6 Rxc6 23. Qe1 Bxc1 24. Bxc1 Rc2 25. Bh6 Rc8 26. Qe5 f6 27.
Qxd5+ Qxd5 28. Bxd5+ Kh8 29. Bxb7 Rd8 30. Be3 a5 31. Kf1 Bb1 32. a3 Rb8 33. Bd5
Ba2 34. Bc6 Bxb3 35. d5 Bc4+ 36. Ke1 Bb5 37. Ba7 Bxc6 38. Bxb8 Bxd5 39. Kd2 a4
40. Ke3 Kg7 41. h4 Kf7 42. Kf4 Ke6 43. g4 Bb3 44. Bc7 Bd1 45. Bd8 h5 46. gxh5
1/2-1/2

[Event "Festival Bozen"]
[Site "?"]
[Date "1996.??.??"]
[Round "?"]
[White "De Eccher, Stefano"]
[Black "Oberrauch, Martin"]
[Result "1/2-1/2"]
[WhiteElo "2210"]
[BlackElo "2035"]
[PlyCount "49"]
[EventDate "1996.??.??"]
[Source "ChessBase"]
[SourceDate "1999.11.18"]

1. e4 Nf6 2. e5 Nd5 3. g3 d6 4. exd6 exd6 5. Bg2 Nb6 6. Ne2 Be7 7. O-O O-O 8.
d4 c6 9. b3 Bf5 10. c4 Na6 11. Nbc3 Nc7 12. a4 Bf6 13. a5 Nc8 14. Bf4 Ne7 15.
Qd2 Ng6 16. Be3 Qd7 17. Rfe1 Rfe8 18. Rad1 h6 19. b4 d5 20. cxd5 Nxd5 21. Nxd5
cxd5 22. Nc3 Ne7 23. Qa2 Red8 24. Rd2 Rac8 25. Na4 1/2-1/2

[Event "Festival Bozen"]
[Site "?"]
[Date "1996.??.??"]
[Round "?"]
[White "Dinser, Hans"]
[Black "Hitzgerova, Gabriela"]
[Result "0-1"]
[WhiteElo "1910"]
[BlackElo "2155"]
[PlyCount "78"]
[EventDate "1996.??.??"]
[Source "ChessBase"]
[SourceDate "1999.11.18"]

1. d4 Nf6 2. c4 g6 3. Nc3 Bg7 4. e4 d6 5. Nge2 O-O 6. Ng3 e5 7. d5 Ne8 8. Bd3
a5 9. O-O Nd7 10. Be3 Nc5 11. Bc2 Qh4 12. f3 f5 13. Bf2 f4 14. Nf5 Qd8 15. Nxg7
Nxg7 16. Rb1 g5 17. h3 h5 18. b4 axb4 19. Rxb4 Rf6 20. Na4 Nxa4 21. Rxa4 Rxa4
22. Bxa4 Rg6 23. c5 g4 24. fxg4 hxg4 25. cxd6 cxd6 26. hxg4 Bxg4 27. Qb3 Qg5
28. Rc1 Bd7 29. g3 fxg3 30. Be3 Bxa4 31. Rc8+ Kh7 32. Bxg5 Bxb3 33. axb3 Rxg5
34. Rc7 b5 35. Rb7 g2 36. Rd7 Rg6 37. Rb7 Kh6 38. Rxb5 Nh5 39. Rb8 Nf4 0-1

[Event "Festival Bozen"]
[Site "?"]
[Date "1996.??.??"]
[Round "?"]
[White "Rigo, Gianfrancesco"]
[Black "Ruzzier, Dario"]
[Result "0-1"]
[WhiteElo "2060"]
[BlackElo "2185"]
[PlyCount "46"]
[EventDate "1996.??.??"]
[Source "ChessBase"]
[SourceDate "1999.11.18"]

1. e4 e5 2. Nf3 Nc6 3. Bb5 a6 4. Ba4 Nf6 5. O-O Nxe4 6. d4 b5 7. Bb3 d5 8. dxe5
Be6 9. Nbd2 Bc5 10. Nxe4 dxe4 11. Bxe6 Qxd1 12. Bxf7+ Kxf7 13. Ng5+ Kg6 14.
Rxd1 e3 15. Ne6 exf2+ 16. Kf1 Bb6 17. Rd7 Nxe5 18. Nf4+ Kf5 19. g4+ Nxg4 20.
Rf7+ Ke4 21. Ke2 Rae8 22. Nd3 Kd5+ 23. Kd2 Rhf8 0-1

[Event "Festival Bozen"]
[Site "?"]
[Date "1996.??.??"]
[Round "?"]
[White "Pieri, Filippo"]
[Black "Luciani, Valerio"]
[Result "1-0"]
[WhiteElo "2215"]
[BlackElo "2155"]
[PlyCount "39"]
[EventDate "1996.??.??"]
[Source "ChessBase"]
[SourceDate "1999.11.18"]

1. e4 e6 2. d4 d5 3. Nc3 Bb4 4. Nge2 dxe4 5. a3 Be7 6. Nxe4 Nd7 7. Bf4 Ngf6 8.
N2c3 a6 9. Bd3 O-O 10. Qf3 Ra7 11. Qh3 Re8 12. Be5 Nf8 13. O-O-O Nxe4 14. Nxe4
f6 15. Bg3 e5 16. Bc4+ Kh8 17. Qh5 exd4 18. Bxc7 Qxc7 19. Qxe8 b5 20. Bb3 1-0

[Event "Festival Bozen"]
[Site "?"]
[Date "1996.??.??"]
[Round "?"]
[White "Schreiber, Edwin"]
[Black "Di Lazzaro, Gabriele"]
[Result "0-1"]
[WhiteElo "1930"]
[BlackElo "2100"]
[PlyCount "32"]
[EventDate "1996.??.??"]
[Source "ChessBase"]
[SourceDate "1999.11.18"]

1. e4 g6 2. d4 Bg7 3. Bc4 c5 4. c3 cxd4 5. cxd4 b5 6. Bb3 Nc6 7. Nf3 d6 8. O-O
Nf6 9. Qe2 Bd7 10. e5 dxe5 11. dxe5 Ng4 12. Bxf7+ Kf8 13. e6 Qc7 14. exd7 Nd4
15. Qe4 Nxf3+ 16. Qxf3 Qxh2# 0-1

[Event "Festival Bozen"]
[Site "?"]
[Date "1996.??.??"]
[Round "?"]
[White "Hitzgerova, Gabriela"]
[Black "Astengo, Marcello"]
[Result "1/2-1/2"]
[WhiteElo "2155"]
[BlackElo "2095"]
[PlyCount "107"]
[EventDate "1996.??.??"]
[Source "ChessBase"]
[SourceDate "1999.11.18"]

1. e4 e6 2. d4 d5 3. Nd2 Nf6 4. e5 Nfd7 5. Bd3 c5 6. c3 Nc6 7. Ne2 Qb6 8. Nf3
cxd4 9. cxd4 f6 10. exf6 Nxf6 11. O-O Bd6 12. Nc3 O-O 13. Be3 Bd7 14. Rc1 Rae8
15. a3 Bb8 16. b4 Qd8 17. Bg5 h6 18. Bh4 Bf4 19. Rb1 Qc7 20. Nb5 Qb6 21. Nc3
Rc8 22. Rb3 Be8 23. Na4 Qc7 24. Nc5 Bf7 25. Bb1 b6 26. Bxf6 gxf6 27. Qc2 f5 28.
Nd3 Bd6 29. Qd2 Kg7 30. Rc3 Qb8 31. Rfc1 Ne7 32. Nde5 Rxc3 33. Rxc3 Qb7 34. Qe3
Rc8 35. Rxc8 Nxc8 36. Qc1 Be8 37. Bd3 b5 38. Be2 Nb6 39. Nd3 Nc4 40. Nc5 Bxc5
41. bxc5 Bh5 42. Bxc4 dxc4 43. Ne5 Qe4 44. c6 Be8 45. Qa1 Kh7 46. a4 Bxc6 47.
Nxc6 Qxc6 48. axb5 Qxb5 49. Qxa7+ Kg6 50. h3 c3 51. Qa8 Kf7 52. Qa7+ Kg6 53.
Qa8 f4 54. f3 1/2-1/2

[Event "Festival Bozen"]
[Site "?"]
[Date "1996.??.??"]
[Round "?"]
[White "Oberrauch, Martin"]
[Black "Dallaglio, Giovanni"]
[Result "1/2-1/2"]
[WhiteElo "2170"]
[BlackElo "2105"]
[PlyCount "121"]
[EventDate "1996.??.??"]
[Source "ChessBase"]
[SourceDate "1999.11.18"]

1. Nf3 c5 2. g3 Nc6 3. Bg2 g6 4. e4 Bg7 5. O-O d6 6. d3 Bg4 7. h3 Bxf3 8. Bxf3
Nf6 9. Bg2 O-O 10. c3 d5 11. Qb3 Na5 12. Qc2 Rc8 13. Nd2 d4 14. c4 e5 15. a3
Nc6 16. Rb1 a5 17. Nf3 Ne8 18. Bd2 Nd6 19. Nh2 Qd7 20. b3 Kh8 21. Qc1 f5 22. f3
fxe4 23. fxe4 Rxf1+ 24. Qxf1 Rf8 25. Qe1 b6 26. Bf3 Nf7 27. Bg4 Qe7 28. Kg2 Bh6
29. Bxh6 Nxh6 30. Bf3 Nf7 31. Qd2 Kg7 32. Ng4 h5 33. Nh2 Qg5 34. Qxg5 Nxg5 35.
Bd1 Ne6 36. Nf3 Kf6 37. Ne1 Ke7 38. Be2 h4 39. Bg4 hxg3 40. Bxe6 Kxe6 41. Kxg3
Rb8 42. a4 Nb4 43. Rb2 Rf8 44. Kg2 Rf4 45. Rd2 Kd6 46. Nc2 Na2 47. Ne3 Nc1 48.
Nd5 Rf7 49. Rd1 Ne2 50. Rd2 Nc1 51. Rd1 Ne2 52. Rd2 Nc1 53. Rd1 Ne2 54. Re1
Nf4+ 55. Nxf4 Rxf4 56. Rf1 g5 57. Rxf4 gxf4 58. Kf3 Ke6 59. Kg4 Kf6 60. Kh4 Kg6
61. Kg4 1/2-1/2

[Event "Festival Bozen"]
[Site "?"]
[Date "1996.??.??"]
[Round "?"]
[White "Stoll, Thomas"]
[Black "De Eccher, Stefano"]
[Result "1-0"]
[WhiteElo "2085"]
[BlackElo "2210"]
[PlyCount "60"]
[EventDate "1996.??.??"]
[Source "ChessBase"]
[SourceDate "1999.11.18"]

1. d4 f5 2. Bg5 h6 3. Bh4 g5 4. Bg3 Bg7 5. e3 Nf6 6. Bd3 e6 7. Nd2 b6 8. h4 Bb7
9. hxg5 hxg5 10. Rxh8+ Bxh8 11. e4 f4 12. Bh2 d5 13. e5 Ne4 14. Qh5+ Kd7 15.
Qh7+ Kc8 16. Nxe4 dxe4 17. Bxe4 Qf8 18. O-O-O Qg7 19. f3 Qxh7 20. Bxh7 Bg7 21.
Nh3 Bh6 22. Nf2 Kd7 23. Rh1 Bg7 24. Be4 Nc6 25. Bg1 Rg8 26. c3 Ba6 27. Ng4 Ne7
28. Rh7 Kd8 29. Bf2 Bf1 30. g3 Nf5 1-0

[Event "Festival Bozen"]
[Site "?"]
[Date "1996.??.??"]
[Round "?"]
[White "Ruzzier, Dario"]
[Black "Pieri, Filippo"]
[Result "1/2-1/2"]
[WhiteElo "2185"]
[BlackElo "2215"]
[PlyCount "60"]
[EventDate "1996.??.??"]
[Source "ChessBase"]
[SourceDate "1999.11.18"]

1. d4 Nf6 2. c4 c5 3. d5 e6 4. Nc3 exd5 5. cxd5 d6 6. e4 g6 7. Bd3 Bg7 8. Nge2
O-O 9. O-O Ng4 10. h3 Ne5 11. Bf4 Nxd3 12. Qxd3 a6 13. a4 Qc7 14. Qg3 Rd8 15.
Rad1 h6 16. e5 Nd7 17. exd6 Qb6 18. Qe3 g5 19. Bh2 Nf6 20. Rd2 Bd7 21. f4 Re8
22. Qf2 g4 23. f5 Qb4 24. Qh4 Ne4 25. Nxe4 Rxe4 26. Nc3 Rd4 27. Re2 gxh3 28.
Qxh3 Rh4 29. Qg3 Kh8 30. f6 Qd4+ 1/2-1/2

[Event "Festival Bozen"]
[Site "?"]
[Date "1996.??.??"]
[Round "?"]
[White "Rigo, Gianfrancesco"]
[Black "Schreiber, Edwin"]
[Result "1-0"]
[WhiteElo "2060"]
[BlackElo "1930"]
[PlyCount "69"]
[EventDate "1996.??.??"]
[Source "ChessBase"]
[SourceDate "1999.11.18"]

1. e4 c5 2. Nf3 Nc6 3. d4 cxd4 4. Nxd4 Nf6 5. Nc3 e5 6. Ndb5 d6 7. Bg5 a6 8.
Bxf6 gxf6 9. Na3 b5 10. Nd5 Bg7 11. c3 f5 12. Bd3 Be6 13. Ne3 f4 14. Nf5 Bxf5
15. exf5 d5 16. Qg4 Qf6 17. f3 e4 18. fxe4 O-O 19. O-O Ne5 20. Qe2 Nxd3 21.
Qxd3 dxe4 22. Qxe4 Rfe8 23. Qxf4 Re2 24. Rf2 Rae8 25. Raf1 Bh6 26. Rxe2 Qb6+
27. Qf2 Rxe2 28. Qxb6 Be3+ 29. Qxe3 Rxe3 30. Nc2 Rd3 31. h3 Kg7 32. Rf3 Rd1+
33. Rf1 Rd2 34. Nb4 Rxb2 35. Re1 1-0

[Event "Festival Bozen"]
[Site "?"]
[Date "1996.??.??"]
[Round "?"]
[White "Moroder, Thomas"]
[Black "Luciani, Valerio"]
[Result "1-0"]
[WhiteElo "2070"]
[BlackElo "2155"]
[PlyCount "55"]
[EventDate "1996.??.??"]
[Source "ChessBase"]
[SourceDate "1999.11.18"]

1. d4 e5 2. dxe5 Nc6 3. Nf3 Qe7 4. g3 Nxe5 5. Bg2 Nc6 6. O-O h6 7. c4 Qd8 8.
Nc3 Nf6 9. e4 d6 10. b3 Bg4 11. h3 Bh5 12. g4 Bg6 13. Nh4 Bxe4 14. Qe1 Kd7 15.
Nxe4 Nxe4 16. Qxe4 Qxh4 17. Qf5+ Ke8 18. Re1+ Be7 19. Bb2 Rg8 20. Qb5 Rd8 21.
Re2 Kf8 22. Rae1 Bf6 23. Qxb7 Nd4 24. Bxd4 Bxd4 25. Qe4 Be5 26. f4 f5 27. Qxf5+
Bf6 28. Qg6 1-0

[Event "Festival Bozen"]
[Site "?"]
[Date "1996.??.??"]
[Round "?"]
[White "Mrdja, Milan"]
[Black "Widmann, Paul"]
[Result "1-0"]
[WhiteElo "2450"]
[BlackElo "1800"]
[PlyCount "33"]
[EventDate "1996.??.??"]
[Source "ChessBase"]
[SourceDate "1999.11.18"]

1. e4 e5 2. Nf3 Nc6 3. Bb5 a6 4. Ba4 Nf6 5. O-O Be7 6. Re1 b5 7. Bb3 O-O 8. h3
d6 9. c3 Bb7 10. d4 Re8 11. Nbd2 Bf8 12. a3 h6 13. Ba2 exd4 14. cxd4 Nb8 15. e5
dxe5 16. dxe5 Ne4 17. Qb3 1-0

[Event "Festival Bozen"]
[Site "?"]
[Date "1996.??.??"]
[Round "?"]
[White "Nurkic, Szabasz"]
[Black "Sulava, Nenad"]
[Result "1/2-1/2"]
[WhiteElo "2365"]
[BlackElo "2480"]
[PlyCount "24"]
[EventDate "1996.??.??"]
[Source "ChessBase"]
[SourceDate "1999.11.18"]

1. e4 c5 2. Nf3 e6 3. Nc3 Nc6 4. d4 cxd4 5. Nxd4 Nf6 6. Ndb5 d6 7. Bf4 e5 8.
Bg5 a6 9. Na3 b5 10. Nd5 Qa5+ 11. Bd2 Qd8 12. Bg5 Qa5+ 1/2-1/2

[Event "Festival Bozen"]
[Site "?"]
[Date "1996.??.??"]
[Round "?"]
[White "Widmann, Paul"]
[Black "Astengo, Marcello"]
[Result "0-1"]
[WhiteElo "1800"]
[BlackElo "2095"]
[PlyCount "72"]
[EventDate "1996.??.??"]
[Source "ChessBase"]
[SourceDate "1999.11.18"]

1. e4 e6 2. d4 d5 3. e5 c5 4. c3 Nc6 5. Nf3 Qb6 6. a3 Bd7 7. b4 cxd4 8. cxd4
Rc8 9. Bb2 Nh6 10. Bd3 Nf5 11. Bxf5 exf5 12. Nc3 Ne7 13. Qd3 g6 14. O-O Bh6 15.
Nd2 f4 16. Nb3 O-O 17. Nc5 Bf5 18. Qf3 Rfd8 19. Rfe1 g5 20. h3 Bg7 21. Rad1 a6
22. Rd2 Rc6 23. Rde2 Be6 24. N3a4 Qa7 25. Nxe6 fxe6 26. Qg4 h6 27. h4 gxh4 28.
Nc5 Kf7 29. Qxh4 b6 30. Qxf4+ Kg8 31. Nd3 Rdc8 32. Qg4 Nf5 33. Nf4 Qd7 34. Nh5
Kh7 35. Nf4 Rg8 36. Qg6+ Kh8 {Zeit} 0-1

[Event "Festival Bozen"]
[Site "?"]
[Date "1996.??.??"]
[Round "?"]
[White "Schreiber, Edwin"]
[Black "Dinser, Hans"]
[Result "0-1"]
[WhiteElo "1930"]
[BlackElo "1910"]
[PlyCount "67"]
[EventDate "1996.??.??"]
[Source "ChessBase"]
[SourceDate "1999.11.18"]

1. e4 c5 2. Nf3 d6 3. d4 cxd4 4. Nxd4 Nf6 5. Nc3 g6 6. Be3 Bg7 7. f3 Nc6 8. Qd2
O-O 9. O-O-O d5 10. Nxc6 bxc6 11. Qe1 Qa5 12. Kb1 dxe4 13. Nxe4 Qxe1 14. Nxf6+
exf6 15. Rxe1 Re8 16. Bd3 Be6 17. Be4 Rec8 18. Rd1 f5 19. Bd3 a5 20. Bc5 a4 21.
Ba3 Rcb8 22. Ka1 Rb7 23. c3 h5 24. Bc2 Bd5 25. Rhe1 Be6 26. Rd2 h4 27. h3 Rab8
28. Red1 Bf6 29. Rd6 Rc8 30. R6d3 Kg7 31. Bc5 Bc4 32. Rd7 a3 33. Bxa3 Bxc3 34.
Bb1 {55 Zug} 0-1

[Event "Festival Bozen"]
[Site "?"]
[Date "1996.??.??"]
[Round "?"]
[White "Ruzzier, Dario"]
[Black "Moroder, Thomas"]
[Result "0-1"]
[WhiteElo "2185"]
[BlackElo "2070"]
[PlyCount "38"]
[EventDate "1996.??.??"]
[Source "ChessBase"]
[SourceDate "1999.11.18"]

1. d4 Nf6 2. c4 g6 3. Nc3 Bg7 4. e4 d6 5. f3 O-O 6. Be3 e5 7. d5 c6 8. Qd2 cxd5
9. cxd5 a6 10. g4 h5 11. h3 Nbd7 12. O-O-O b5 13. Kb1 Rb8 14. b3 Nc5 15. Rc1
Bd7 16. Nd1 Rc8 17. Bg5 Nfxe4 18. Qg2 Nxg5 19. Ne3 Qf6 0-1

[Event "Festival Bozen"]
[Site "?"]
[Date "1996.??.??"]
[Round "?"]
[White "Luciani, Valerio"]
[Black "Hitzgerova, Gabriela"]
[Result "1/2-1/2"]
[WhiteElo "2155"]
[BlackElo "2155"]
[PlyCount "140"]
[EventDate "1996.??.??"]
[Source "ChessBase"]
[SourceDate "1999.11.18"]

1. d4 Nf6 2. c4 g6 3. Nc3 Bg7 4. Nf3 d6 5. g3 O-O 6. Bg2 c6 7. O-O Qa5 8. h3
Be6 9. Nd2 Na6 10. Rb1 d5 11. cxd5 Nxd5 12. e3 Nxc3 13. bxc3 Rab8 14. Bb2 Qxa2
15. Qc2 Qa5 16. Ra1 Qc7 17. Kh2 Ra8 18. e4 Nb8 19. c4 Rd8 20. d5 cxd5 21. Bxg7
Kxg7 22. exd5 Bf5 23. Qb2+ f6 24. d6 Rxd6 25. Qxb7 Qxb7 26. Bxb7 Rxd2 27. Bxa8
Bd3 28. Rfd1 Rxd1 29. Rxd1 Bxc4 30. Bb7 Na6 31. Bxa6 Bxa6 32. Rd7 Kf7 33. Rxa7
Bf1 34. g4 Be2 35. Kg3 h5 36. Ra2 Bc4 37. Rc2 Bb3 38. Rc3 Bd1 39. Rd3 Bc2 40.
Rd2 Bb1 41. gxh5 gxh5 42. Kh4 Bg6 43. Rd8 Kg7 44. Rb8 Bf7 45. Rb7 Kf8 46. Kg3
Bg6 47. Kh4 Bf7 48. Rb5 Kg7 49. Ra5 Bg6 50. f4 e6 51. Ra7+ Kf8 52. Kg3 Bf5 53.
h4 Bg4 54. Kf2 e5 55. fxe5 fxe5 56. Ke3 Bf5 57. Ra5 Ke7 58. Rxe5+ Kf6 59. Kf4
Bg4 60. Rb5 Kg6 61. Rb6+ Kg7 62. Kg5 Kf7 63. Rb7+ Kf8 64. Kg6 Ke8 65. Kf6 Kd8
66. Re7 Kc8 67. Kf7 Kd8 68. Re3 Kd7 69. Rd3+ Kc7 70. Ke7 Kc6 {91 Zug} 1/2-1/2

[Event "Festival Bozen"]
[Site "?"]
[Date "1996.??.??"]
[Round "?"]
[White "Di Lazzaro, Gabriele"]
[Black "Rigo, Gianfrancesco"]
[Result "1/2-1/2"]
[WhiteElo "2100"]
[BlackElo "2060"]
[PlyCount "121"]
[EventDate "1996.??.??"]
[Source "ChessBase"]
[SourceDate "1999.11.18"]

1. Nf3 Nf6 2. g3 g6 3. b3 Bg7 4. Bb2 d6 5. d4 O-O 6. Bg2 e5 7. dxe5 Nfd7 8. Nc3
dxe5 9. Qd2 e4 10. Ng5 Nc6 11. Ngxe4 Re8 12. O-O-O a5 13. h4 Nb4 14. Kb1 Qe7
15. a3 Nc5 16. Nxc5 Qxc5 17. axb4 Qxf2 18. Bf3 axb4 19. Na4 Bxb2 20. Kxb2 c5
21. h5 Bf5 22. g4 c4 23. Qxb4 Be4 24. Bxe4 Rxe4 25. hxg6 hxg6 26. Qc3 f6 27.
Rdf1 Qd4 28. Qxd4 Rxd4 29. Nb6 Ra6 30. Nxc4 Rxg4 31. Rhg1 Rxg1 32. Rxg1 Kf7 33.
Kc3 Rc6 34. Kd3 g5 35. e4 Ke6 36. e5 b5 37. Na3 Kxe5 38. Nxb5 Kf4 39. c4 g4 40.
Nd4 Rd6 41. b4 Ra6 42. Ne2+ Kg5 43. Rc1 Ra3+ 44. Rc3 Ra4 45. Rb3 f5 46. Ke3 Ra8
47. b5 Rh8 48. Kf2 f4 49. Nxf4 Kxf4 50. b6 Ke4 51. c5 Kd5 52. Rc3 Kc6 53. Rc1
Rh3 54. Rb1 Rh8 55. Rc1 Rh3 56. Rc4 Rb3 57. Rc2 Rh3 58. Kg2 Rb3 59. Rc4 Rd3 60.
Rb4 Rd8 61. Rc4 {68 Zug} 1/2-1/2

[Event "Festival Bozen"]
[Site "?"]
[Date "1996.??.??"]
[Round "?"]
[White "Widmann, Paul"]
[Black "Dallaglio, Giovanni"]
[Result "1-0"]
[WhiteElo "1800"]
[BlackElo "2105"]
[PlyCount "104"]
[EventDate "1996.??.??"]
[Source "ChessBase"]
[SourceDate "1999.11.18"]

1. e4 c5 2. Nf3 g6 3. c4 Bg7 4. d4 Qa5+ 5. Bd2 Qb6 6. Bc3 cxd4 7. Bxd4 Bxd4 8.
Qxd4 Qxd4 9. Nxd4 Nc6 10. Nb5 Kf8 11. N1c3 Nf6 12. Rd1 Kg7 13. Be2 d6 14. O-O
a6 15. Nc7 Rb8 16. N7d5 Be6 17. Nb6 Rhd8 18. h3 Nd7 19. Nxd7 Rxd7 20. f4 f6 21.
Rf3 Rc7 22. b3 Rbc8 23. Na4 Na7 24. Nb6 Rb8 25. a4 Nc8 26. Nxc8 Rbxc8 27. Re3
a5 28. g4 Rc5 29. Bf3 b6 30. Kg2 R8c7 31. Kg3 Bf7 32. h4 h6 33. Be2 Be8 34. Bf3
Bf7 35. Rde1 e5 36. Rd3 R5c6 37. Red1 Rd7 38. g5 hxg5 39. hxg5 Rd8 40. Bg4 Bg8
41. R3d2 Bh7 42. Be6 exf4+ 43. Kxf4 fxg5+ 44. Kxg5 Rc5+ 45. Rd5 Rxd5+ 46. Rxd5
Kf8 47. Kf6 Bg8 48. Bxg8 Kxg8 49. Kxg6 Kf8 50. Kf6 Rd7 51. Ke6 Re7+ 52. Kxd6
Rxe4 1-0

[Event "Festival Bozen"]
[Site "?"]
[Date "1996.??.??"]
[Round "?"]
[White "Oberrauch, Martin"]
[Black "Sulava, Nenad"]
[Result "1/2-1/2"]
[WhiteElo "2170"]
[BlackElo "2480"]
[PlyCount "82"]
[EventDate "1996.??.??"]
[Source "ChessBase"]
[SourceDate "1999.11.18"]

1. Nf3 d6 2. g3 e5 3. d3 f5 4. Bg2 Nf6 5. O-O Be7 6. c4 O-O 7. Nc3 Qe8 8. c5
Kh8 9. cxd6 Bxd6 10. Bd2 a6 11. Rc1 Nc6 12. a3 f4 13. Ng5 Qh5 14. Nce4 Nd4 15.
f3 Qg6 16. Nxf6 gxf6 17. Ne4 Nf5 18. g4 Nh4 19. Nxd6 cxd6 20. Qe1 Nxg2 21. Kxg2
f5 22. g5 Qxg5+ 23. Kh1 Be6 24. Rg1 Qh5 25. Qf2 Bd5 26. Bb4 Rf6 27. Rc2 Rg6 28.
Rxg6 Qxg6 29. Qg2 Rg8 30. Qf2 Bc6 31. Bc3 Qe6 32. Qh4 Qg6 33. Qf2 Bd5 34. Bb4
b6 35. Rc1 a5 36. Bc3 Qg7 37. Rg1 Qb7 38. Rxg8+ Kxg8 39. Kg1 Kf7 40. h3 Kg6 41.
Qg2+ Kf6 1/2-1/2

[Event "Festival Bozen"]
[Site "?"]
[Date "1996.??.??"]
[Round "?"]
[White "Mrdja, Milan"]
[Black "Stoll, Thomas"]
[Result "1-0"]
[WhiteElo "2215"]
[BlackElo "2450"]
[PlyCount "62"]
[EventDate "1996.??.??"]
[Source "ChessBase"]
[SourceDate "1999.11.18"]

1. e4 c5 2. Nf3 d6 3. d4 cxd4 4. Nxd4 Nf6 5. Nc3 g6 6. Bc4 Bg7 7. O-O O-O 8. h3
Nc6 9. Be3 Nxe4 10. Nxe4 d5 11. Nxc6 bxc6 12. Bd3 dxe4 13. Bxe4 Qc7 14. c3 Rb8
15. Qc2 e5 16. Qa4 Be6 17. b3 c5 18. Rad1 Rfd8 19. c4 f5 20. Bd5 Bxd5 21. Rxd5
Rxd5 22. cxd5 Bf8 23. Rc1 Bd6 24. Qc4 Kf7 25. Bxc5 Qxc5 26. Qxc5 Bxc5 27. Rxc5
Rb7 28. Rc6 Rd7 29. Ra6 e4 30. Kf1 Kg7 31. Ke2 Kh6 {50 Zug} 1-0

[Event "Festival Bozen"]
[Site "?"]
[Date "1996.??.??"]
[Round "?"]
[White "Astengo, Marcello"]
[Black "Nurkic, Szabasz"]
[Result "0-1"]
[WhiteElo "2095"]
[BlackElo "2365"]
[PlyCount "52"]
[EventDate "1996.??.??"]
[Source "ChessBase"]
[SourceDate "1999.11.18"]

1. d4 g6 2. c4 Bg7 3. Nc3 d6 4. e4 Nc6 5. Be3 e5 6. Nge2 Nf6 7. h3 O-O 8. d5
Ne7 9. Ng3 Ne8 10. Bd3 f5 11. exf5 gxf5 12. f4 Ng6 13. O-O exf4 14. Bxf4 Nxf4
15. Rxf4 Be5 16. Qf3 Ng7 17. Rf1 Bd7 18. Rxf5 Nxf5 19. Nxf5 Bxf5 20. Bxf5 Qe7
21. Ne4 Rae8 22. Qg4+ Qg7 23. Qh5 Bd4+ 24. Nf2 Re5 25. Be6+ Kh8 26. Qh4 Re2 0-1